000 00625nam a2200241 i 4500
001 C2-0084834
003 PPAK
005 20180727090204.0
008 970429s1990 enka|||| ||||| | eng d
020 _a0540056332
040 _aPPAK
_beng
_cPPAK
_erda
082 0 4 _a912
_223
090 0 0 _a912
_bPHI
_dR
245 0 0 _aPhilip's essential world atlas
250 _aWillett, B.M.
264 1 _aLondon :
_bGeorge Philip ,
_c1990
300 _a80 pages :
_billustrations ;
_c19 cm
336 _2rdacontent
_atext
337 _2rdamedia
_aunmediated
338 _2rdacarrier
_avolume
650 1 0 _aAtlases
942 _ddc
_cB
999 _c16725
_d16725